Modern information systems: designed for decision support

I tiakina i:
Ngā taipitopito rārangi puna kōrero
Kaituhi matua: Gessford, John Evans (Author)
Hōputu: Pukapuka
Reo:Ingarihi
I whakaputaina: Reading Addison-Wesley 1980
Ngā marau:
Ngā Tūtohu: Tāpirihia he Tūtohu
Kāore He Tūtohu, Me noho koe te mea tuatahi ki te tūtohu i tēnei pūkete!

MARC

LEADER 00000nam a2200000 a 4500
001 UCU7168
003 CL-VaPUC
008 960628e19800000US |||||||||||||||||eng|d
082 0 4 |a 658.05  |b GES  |2 21 
100 0 |a Gessford, John Evans  |e author  |9 365751 
245 1 0 |a Modern information systems: designed for decision support 
300 |a 512 p 
942 |c BK 
945 |d 19960628 00:00:00  |a lriquelm 
260 |a Reading  |b Addison-Wesley  |c 1980 
650 0 |a Administración  |9 259325 
650 0 |a Toma de decisiones   |9 257530 
650 0 |a Aplicaciones de computadores  |9 260401 
650 0 |a Bases de datos   |9 260577 
650 0 |a Información  |9 256927 
650 0 |a Computadores  |9 258188 
583 |a last modification  |c 19960628 00:00:00  |k Rodrigo Vera 
999 |c 249856  |d 249854 
952 |0 0  |1 0  |4 0  |6 658_050000000000000_GES_1980  |7 0  |8 A  |9 267402  |a BIBING  |b BIBING  |d 2019-11-19  |i 1695487  |o 658.05 GES 1980  |p 1695487  |r 2025-01-20  |w 2019-11-19  |y BK  |k ING 
952 |0 0  |1 0  |4 0  |6 658_050000000000000_GES_1980  |7 0  |8 P  |9 267403  |a BIBGIM  |b BIBGIM  |d 2019-11-19  |i 1414089  |o 658.05 GES 1980  |p 1414089  |r 2025-01-15  |w 2019-11-19  |y BK  |k COM